000
00298nam a22001337a 4500
008
260328b |||||||| |||| 00| 0 eng d
020
_a
9789384232344
040
_a
30
100
_a
SHARMA RAJESH
245
_a
SHARIR KRIYA VIGYAAN (IInd)
260
_a
R.LALL.BOOK
300
_a
320
942
_c
02
999
_c
67737
_d
67737